|
|
|
|
| LEADER |
00000nam0a2200000 4500 |
| 001 |
17281 |
| 005 |
20231030190837.0 |
| 010 |
|
|
|a 5858640788
|
| 035 |
|
|
|a (RuTPU)RU\TPU\book\17414
|
| 035 |
|
|
|a BOOK00002102
|
| 090 |
|
|
|a 17281
|
| 100 |
|
|
|a 20011209d1994 km y0rusy50 ca
|
| 101 |
1 |
|
|a rus
|c ger
|
| 102 |
|
|
|a RU
|
| 105 |
|
|
|a y z 000zy
|
| 200 |
1 |
|
|a Сталинград. Событие. Воздействие. Символ
|e пер. с нем.
|f Под ред. Ю. Ферстера
|
| 210 |
|
|
|a Москва
|c Прогресс-Академия
|d 1994
|
| 215 |
|
|
|a 528 с.
|
| 330 |
|
|
|a Этот сборник посвящен Сталинградской битве — одному из величайших сражений второй мировой войны. В статьях дана объективная информация как о самом сражении, так и о его воздействии на обоих противников, на их союзников и нейтральные государства. Авторы освещают события в тылу и рассматривают роль Сталинграда как символа.
|
| 610 |
1 |
|
|a история
|
| 610 |
1 |
|
|a Россия
|
| 610 |
1 |
|
|a Великая Отечественная война 1941-1945
|
| 610 |
1 |
|
|a СССР
|
| 610 |
1 |
|
|a 20 век
|
| 610 |
1 |
|
|a Сталинградская битва
|
| 686 |
|
|
|a Т3(2)622.12
|v LBC/SL-A
|2 rubbk
|
| 702 |
|
1 |
|a Ферстер
|b Ю.
|g Юрген
|4 340
|
| 801 |
|
0 |
|a RU
|b 63413507
|c 20011209
|g PSBO
|
| 801 |
|
2 |
|a RU
|b 63413507
|c 20130123
|g PSBO
|
| 942 |
|
|
|c BK
|